|
|
|
|
| LEADER |
01351nam a2200337 a 4500 |
| 001 |
33257 |
| 003 |
BD-DhAAL |
| 005 |
20180707140111.0 |
| 008 |
180707t1982 ii fa 001 0 eng d |
| 999 |
|
|
|c 39584
|d 39584
|
| 010 |
|
|
|a 82906527
|
| 020 |
|
|
|a 0195621638
|
| 020 |
|
|
|a 9780195621631
|
| 040 |
|
|
|a DLC
|c DLC
|d DLC
|d BD-DhAAL
|
| 043 |
|
|
|a a-ii---
|
| 050 |
0 |
0 |
|a SB435.6.I4
|b B67 1982
|
| 082 |
0 |
0 |
|a 582.0954
|2 19
|
| 100 |
1 |
|
|a Bor, N. L.
|q (Norman Loftus)
|9 26627
|
| 245 |
1 |
0 |
|a Some beautiful Indian climbers and shrubs /
|c by N.L. Bor and M.B. Raizada.
|
| 250 |
|
|
|a Revised second edition
|
| 260 |
|
|
|a Bombay :
|b Bombay Natural History Society,
|c 1982.
|
| 300 |
|
|
|a 321 pages, [128] p. of plates :
|b illustrations (some colors) ;
|c 25 cm.
|
| 500 |
|
|
|a Includes index.
|
| 526 |
|
|
|a ARC
|
| 541 |
|
|
|e 33257
|
| 650 |
|
0 |
|a Ornamental shrubs
|z India
|x Identification.
|9 26628
|
| 650 |
|
0 |
|a Ornamental climbing plants
|z India
|x Identification.
|9 26629
|
| 700 |
1 |
|
|a Raizada, M. B.
|9 26630
|
| 852 |
|
|
|a Department of Architecture
|c General Stacks
|
| 942 |
|
|
|2 ddc
|c BK
|
| 952 |
|
|
|0 0
|1 1
|2 ddc
|4 0
|6 582_095400000000000_BOR
|7 0
|9 63603
|a ARC
|b ARC
|c GEN
|d 2018-07-07
|l 0
|o 582.0954 BOR
|p 3010033257
|r 2018-07-07
|t 1
|w 2018-07-07
|y BK
|x lost from the ARC department library and approved by the Dean (reasons personal books withdrawn by Hasibul Kabir Sir and Building shifting)
|